Statystyki dla Grupy geograficzne - dwójki #2

Kliknij tutaj aby rozwiązać quiz!

Ogólne statystyki

  • Ten quiz został rozwiązany 2 028 razy
  • Średni wynik to 19 z 40

Statystyki odpowiedzi

WskazówkaOdpowiedź% Poprawnych
Państwa z ludnością
przekraczającą miliard
Chiny
99%
Państwa z ludnością
przekraczającą miliard
Indie
97%
Największe pustynie AfrykiSahara
85%
Państwa z równikiem w nazwie
(w różnych językach)
Gwinea Równikowa
84%
Małe królestwa graniczące z
Republiką Południowej Afryki
Lesotho
73%
Łańcuchy górskie wyznaczające
granicę Europy i Azji
Ural
72%
Największe łańcuchy górskie
na francuskiej granicy
Alpy
70%
Małe królestwa graniczące z
Republiką Południowej Afryki
Eswatini
66%
Państwa roszczące sobie
prawa do Falklandów
Wielka Brytania
65%
Najdłuższe rzeki w ChinachJangcy
63%
Państwa wyspiarskie Afryki,
mówiące po portugalsku
Rep. Zielonego
Przylądka
62%
Najludniejsze miasta w AfryceKair
61%
Stolice leżące wyżej od
równoleżnika 60°N
Reykjavik
60%
Stolice BoliwiiLa Paz
58%
Państwa roszczące sobie
prawa do Falklandów
Argentyna
54%
Państwa wyspiarskie Afryki,
mówiące po portugalsku
W-y Św. Tomasza
i Książęca
53%
Największe łańcuchy górskie
na francuskiej granicy
Pireneje
52%
Stolice leżące wyżej od
równoleżnika 60°N
Helsinki
50%
Łańcuchy górskie wyznaczające
granicę Europy i Azji
Kaukaz
50%
Najdłuższe rzeki w ChinachHuang He
48%
Największe miasta na głównych
wyspach Nowej Zelandii
Auckland
45%
Państwa z równikiem w nazwie
(w różnych językach)
Ekwador
45%
Państwa dzielące wyspę
Saint Martin
Francja
44%
Najdłuższe dopływy WisłySan
44%
Niezależne państwa Afryki
około 1914 roku
Etiopia
41%
Stolice BoliwiiSucre
41%
Stolice obu SudanówChartum
39%
Najdłuższe dopływy WisłyNarew
38%
Państwa dzielące wyspę
Saint Martin
Holandia
33%
Najludniejsze miasta w AfryceLagos
33%
Niezależne państwa Afryki
około 1914 roku
Liberia
33%
Największe jeziora w Izraelu"Morze" Martwe
33%
Miasta stanowiące początek i
koniec trasy Orient Express
Paryż
29%
Stolice obu SudanówDżuba
26%
Miasta stanowiące początek i
koniec trasy Orient Express
Konstantynopol
23%
Największe miasta na głównych
wyspach Nowej Zelandii
Christchurch
17%
Największe pustynie AfrykiKalahari
17%
Największe jeziora w IzraeluJezioro Tyberiadzkie
13%
Najwyższe góry na HawajachMauna Kea
13%
Najwyższe góry na HawajachMauna Loa
9%

Rozkład punktacji

Percentyl według liczby udzielonych odpowiedzi

Procent ludzi z każdym wynikiem

Twoja historia wyników

Nie rozwiązałeś tego quizu